The project success method (E-BOOK) (Record no. 193245)
[ view plain ]
| 000 -LEADER | |
|---|---|
| fixed length control field | 01111 a2200229 4500 |
| 003 - CONTROL NUMBER IDENTIFIER | |
| control field | Nust |
| 005 - DATE AND TIME OF LATEST TRANSACTION | |
| control field | 20170207154054.0 |
| 010 ## - LIBRARY OF CONGRESS CONTROL NUMBER | |
| LC control number | 2009019169 |
| 020 ## - INTERNATIONAL STANDARD BOOK NUMBER | |
| International Standard Book Number | 0470455837 (cloth) |
| 020 ## - INTERNATIONAL STANDARD BOOK NUMBER | |
| International Standard Book Number | 9780470455838 (cloth) |
| 035 ## - SYSTEM CONTROL NUMBER | |
| System control number | (OCoLC)ocn286484123 |
| 040 ## - CATALOGING SOURCE | |
| Transcribing agency | Nust |
| 082 00 - DEWEY DECIMAL CLASSIFICATION NUMBER | |
| Classification number | 658.404 |
| 100 1# - MAIN ENTRY--PERSONAL NAME | |
| Personal name | Padgett, Clinton M., |
| 245 14 - TITLE STATEMENT | |
| Title | The project success method (E-BOOK) |
| Remainder of title | a proven approach for achieving superior project performance in as little as 5 days / |
| Statement of responsibility, etc. | Clinton M. Padgett. |
| 260 ## - PUBLICATION, DISTRIBUTION, ETC. | |
| Place of publication, distribution, etc. | Hoboken, N.J. : |
| Name of publisher, distributor, etc. | Wiley, |
| Date of publication, distribution, etc. | c2009. |
| 300 ## - PHYSICAL DESCRIPTION | |
| Extent | xi, 244 p. : |
| Other physical details | ill. ; |
| Dimensions | 24 cm. |
| 500 ## - GENERAL NOTE | |
| General note | Includes index. |
| 505 0# - FORMATTED CONTENTS NOTE | |
| Formatted contents note | The easier way -- Master the method -- Shift the worry curve -- Build a real project team -- Charter for clarity, consensus, and commitment -- Break it down and divvy it up -- Network for success -- Try to be normal -- Figure out what's critical -- Compress for profit -- Monitor, correct, and update -- Build a system for project success -- Overcome the objections -- Apply the power of project success. |
| 650 #0 - SUBJECT ADDED ENTRY--TOPICAL TERM | |
| Topical term or geographic name entry element | Project management. |
| 651 ## - SUBJECT ADDED ENTRY--GEOGRAPHIC NAME | |
| Geographic name | The project success method (E-BOOK) |
| 942 ## - ADDED ENTRY ELEMENTS (KOHA) | |
| Source of classification or shelving scheme | |
| Koha item type | Book |
| Withdrawn status | Lost status | Source of classification or shelving scheme | Damaged status | Not for loan | Collection code | Permanent Location | Current Location | Date acquired | Total Checkouts | Full call number | Barcode | Date last seen | Price effective from | Koha item type |
|---|---|---|---|---|---|---|---|---|---|---|---|---|---|---|
| Military College of Signals (MCS) | Military College of Signals (MCS) | 12/12/2016 | 658.404 PAD | MCSEB-2505 | 12/08/2016 | 12/12/2016 | Book |
